000
00303nam a22001337a 4500
020
_a
978-1-4052-2545-8
082
_a
823
_b
NIM/C
100
_a
NIMMO, JENNY
245
_a
CHARLIE BONE AND THE BLUE BOA
260
_a
LONDON
_b
EGMONT
_c
2004
300
_a
371
650
_a
NOVEL
_z
UNITED KINGDOM
942
_c
BK
999
_c
3641
_d
3641